000 00750nam a2200229 i 4500
001 186649
003 ES-MaACL
005 20230906222720.0
008 161216s1971 sp |||| | spa d
080 _a806.0-087(8.03)(04)
080 _a806.0"19"(04)
100 1 _aRosenblat, Angel.
_999732
245 1 0 _aNuestra lengua en ambos mundos /
_cÁngel Rosenblat.
260 _a[Barcelona] :
_bSalvat,
_c[1971]
300 _a203 p. ;
_c19 cm.
490 1 _aBiblioteca general Salvat ;
_v17
650 _aLengua española-
_zAmérica.
_914118
650 0 7 _aLengua española-
_yS.XX.
_914183
830 1 _aBiblioteca general Salvat ;
_v17
_9225449
852 _aES-MaACL
_jL-30958
_z- Biblioteca Jacinto Martínez Lacalle
999 _c186649
_d186649